{"text_format":"3","workbook":"xlsx","n_sheets":3,"sheets":["Sheet1","Sheet2","Sheet3"],"read":"whole","date_system":"1900"}

{"sheet":"Sheet1","index":0,"n_rows":24,"n_cols":7,"rows_kept":24,"merged":[[0,0,0,6],[24,3,24,5]]}
["绿化水管修复材料明细表"]
["序号","名称","单位","数量","参考单价","参考总价","备注"]
[1,"160PE管十公斤（中财)","支",20,770,{"$f":"E3*D3","v":{"v":15400,"d":"15400.00"}}]
[2,"160PE弯头(中财）","只",20,168,{"$f":"E4*D4","v":{"v":3360,"d":"3360.00"}}]
[3,"160PE160*110大小头(中财）","只",20,108,{"v":2160,"d":"2160.00"}]
[4,"160PE三通","只",20,220,{"v":4400,"d":"4400.00"}]
[5,"160PE法兰头（中财）","只",30,75,{"v":2250,"d":"2250.00"}]
[6,"160PE法兰片（中财）","片",30,85,{"v":2550,"d":"2550.00"}]
[7,"110PE管十公斤（中财)","支",20,408,{"v":8160,"d":"8160.00"}]
[8,"110PE弯头(中财）","只",30,71,{"v":2130,"d":"2130.00"}]
[9,"110PE110*90大小头(中财）","只",20,45,{"v":900,"d":"900.00"}]
[10,"110PE三通（中财）","只",30,83,{"v":2490,"d":"2490.00"}]
[11,"110PE法兰头（中财）","只",30,25,{"v":750,"d":"750.00"}]
[12,"110PE法兰片（中财）","只",30,45,{"v":1350,"d":"1350.00"}]
[13,"90PE管十公斤（中财)","支",20,261,{"v":5220,"d":"5220.00"}]
[14,"90PE弯头(中财）","只",30,38,{"v":1140,"d":"1140.00"}]
[15,"90PE三通（中财）","只",30,28,{"v":840,"d":"840.00"}]
[16,"20PE管十公斤（中财)","米",500,5,{"v":2500,"d":"2500.00"}]
[17,"20PE内丝弯头（中财)","只",100,8,{"v":800,"d":"800.00"}]
[18,"螺丝螺帽三件套","套",300,4,{"v":1200,"d":"1200.00"}]
[19,"电缆线rvv3*1.5平方","米",300,5,{"v":1500,"d":"1500.00"}]
[20,"电缆线rvv4*4平方","米",100,15,{"v":1500,"d":"1500.00"}]
[21,"电缆线rvv4*6平方","米",200,22,{"v":4400,"d":"4400.00"}]
[{"$nulls":4},"小计：",{"v":65000,"d":"65000.00"}]

{"sheet":"Sheet2","index":1,"n_rows":0,"n_cols":0,"rows_kept":0}

{"sheet":"Sheet3","index":2,"n_rows":0,"n_cols":0,"rows_kept":0}